Demostración del derecho que asiste a la Compañía General del Iris en el pleito ejecutivo que sobre pago de catorce millones y pico de reales, sigue contra el Banco Español de San Fernando / (Record no. 161588)

MARC details
000 -LEADER
campo de control de longitud fija 00874nam a22001695i 4500
001 - NÚMERO DE CONTROL
campo de control 161588
003 - IDENTIFICADOR DE NÚMERO DE CONTROL
campo de control ES-MaACL
005 - FECHA Y HORA DE LA ÚLTIMA TRANSACCIÓN
campo de control 20230906212322.0
008 - DATOS DE LONGITUD FIJA--INFORMACIÓN GENERAL
campo de control de longitud fija 041021s1852 sp |||| | spa d
100 1# - ENTRADA PRINCIPAL--NOMBRE DE PERSONA
Nombre de persona Paz, Joaquín María de.
9 (RLIN) 130923
245 10 - MENCIÓN DEL TÍTULO
Título Demostración del derecho que asiste a la Compañía General del Iris en el pleito ejecutivo que sobre pago de catorce millones y pico de reales, sigue contra el Banco Español de San Fernando /
Mención de responsabilidad, etc. por Joaquín María de la Paz.
260 ## - PUBLICACIÓN, DISTRIBUCIÓN, ETC.
Lugar de publicación, distribución, etc. Madrid :
Nombre del editor, distribuidor, etc. [s.n.],
Fecha de publicación, distribución, etc. 1852 (
Fabricante Estab. tip. militar de los sres. Mateo y Torrubia)
300 ## - DESCRIPCIÓN FÍSICA
Extensión 92 p. ;
Dimensiones 21 cm.
610 24 - PUNTO DE ACCESO ADICIONAL DE MATERIA--NOMBRE DE ENTIDAD CORPORATIVA
Nombre de entidad corporativa o nombre de jurisdicción como elemento de entrada Compañía General del Iris (Madrid)
9 (RLIN) 134289
852 4# - LOCALIZACIÓN
Ubicación ES-MaACL
Número de control de estantería T-6-F-22
Nota libre - Enc. hol., falto de cub. original
-- - Enc. en un vol. facticio
852 4# - LOCALIZACIÓN
Ubicación ES-MaACL
Número de control de estantería T-31-F-12
Nota libre - Enc. hol., falto de cub. original
-- - Enc. en un vol. facticio
Holdings
Estatus retirado Estado de pérdida Estado de daño No para préstamo Colección Biblioteca de origen Biblioteca actual Ubicación en estantería Fecha de adquisición Total de préstamos Signatura topográfica completa Código de barras Visto por última vez Precio de reemplazo Tipo de ítem Koha
        Colección de folletos Biblioteca del Ateneo de Madrid Biblioteca del Ateneo de Madrid Depósito folletos 17/01/2008   T-31-F-12 1169261 23/02/2023 23/02/2023 Folleto
        Colección de folletos Biblioteca del Ateneo de Madrid Biblioteca del Ateneo de Madrid Depósito folletos 17/01/2008   T-6-F-22 1169260 23/02/2023 23/02/2023 Folleto